| 000 | 00488nam a22001817a 4500 | ||
|---|---|---|---|
| 999 |
_c478611 _d478611 |
||
| 003 | NUST | ||
| 005 | 20180606052456.0 | ||
| 008 | 180606b ||||| |||| 00| 0 eng d | ||
| 020 | _a9789380853970 | ||
| 038 | _aSNS Library | ||
| 082 | _a577.14 GIR 2015 | ||
| 100 |
_aJames E. Girard _911043 |
||
| 245 |
_aPrinciples of Environmental Chemistry _cJames E. Girard |
||
| 250 | _a3rd Ed. | ||
| 260 |
_aIndia _bJones & Bartlett Learning _c2015 |
||
| 300 |
_a711 P _bPb. |
||
| 942 |
_2ddc _cBK |
||